| 000 | 00753nam a2200241Ia 4500 | ||
|---|---|---|---|
| 003 | OSt | ||
| 005 | 20220926005337.0 | ||
| 006 | a|||||r|||| 00| 0 | ||
| 007 | ta | ||
| 008 | 220923b |||||||| |||| 00| 0 eng d | ||
| 020 |
_a9788183873857 _c1100.75 |
||
| 037 |
_bDU23, 15/03/2011, INDEPENDENT PUBLISHERS GROUP _cGeneral Book |
||
| 040 |
_aRTL _cRTL _beng |
||
| 041 |
_2eng _aeng |
||
| 082 | _aY7.2.P, Q0 | ||
| 100 | _aSAKSENA H.S | ||
| 245 | 0 | _aAnthropology in India | |
| 260 |
_a New Delhi _bSerials Publications _c2010 |
||
| 300 |
_ax, 452p Bibliography chapterwise _ccm. |
||
| 650 | _aSociology | ||
| 942 |
_hY7.2.P, Q0 _cGB _2CC |
||
| 999 |
_c613527 _d613527 |
||